| Tag |
First Indicator |
Second Indicator |
Subfields |
| LEADER |
00000cam a2200000 4500 |
| 001 |
in00000037321 |
| 005 |
20151007072321.0 |
| 008 |
750919s1948 enka 00000 eng |
| 010 |
|
|
|a 49000609
|
| 035 |
|
|
|a (OCoLC)01636242
|
| 035 |
|
|
|9 AAE7653AM
|
| 040 |
|
|
|a DLC
|c DZM
|d TXA
|d UtOrBLW
|
| 049 |
|
|
|a TXAM
|c [374353]
|
| 050 |
0 |
0 |
|a TJ1230
|b .H6
|
| 082 |
0 |
|
|a 621.9
|
| 092 |
|
|
|a 621.9
|b H838m
|
| 100 |
1 |
|
|a Houghton, P. S.
|
| 245 |
1 |
0 |
|a Metal-cutting tools.
|
| 264 |
|
1 |
|a London :
|b Chapman & Hall,
|c 1948.
|
| 300 |
|
|
|a xi, 283 pages :
|b illustrations ;
|c 23 cm.
|
| 336 |
|
|
|a text
|b txt
|2 rdacontent
|
| 337 |
|
|
|a unmediated
|b n
|2 rdamedia
|
| 338 |
|
|
|a volume
|b nc
|2 rdacarrier
|
| 650 |
|
0 |
|a Metal-cutting.
|
| 650 |
|
0 |
|a Metal-working machinery.
|
| 999 |
|
|
|a MARS
|
| 999 |
f |
f |
|s d7f53629-70ec-3020-ad41-4913fa4c3fb6
|i 419702e2-c51a-33da-8613-3c6ed1ef18b5
|t 0
|
| 952 |
f |
f |
|p ric
|a Texas A&M University
|b Rellis Campus
|c Joint Library Facility
|d Remote Storage
|t 0
|e TJ1230 .H6
|h Library of Congress classification
|i unmediated -- volume
|m A14801043189
|
| 998 |
f |
f |
|a TJ1230 .H6
|t 0
|l Remote Storage
|